[Event "Thessaloniki/Chalkidiki-chT"]
[Site "Thessaloniki/Chalkidiki"]
[Date "2019.03.17"]
[Round "8.3"]
[White "Tsarouhas, Vasilios"]
[Black "Anagnostopoulos, Ioannis"]
[Result "1-0"]
[WhiteElo "2171"]
[BlackElo "1901"]
[PlyCount "61"]
[EventDate "2019.01.13"]
[EventType "team-tourn"]
[EventRounds "9"]
[EventCountry "GRE"]
[SourceTitle "EXT 2020"]
[Source "ChessBase"]
[SourceDate "2019.10.17"]
[SourceVersion "1"]
[SourceVersionDate "2019.10.17"]
[SourceQuality "1"]
[WhiteTeam "Keravnos MAPO"]
[BlackTeam "Polygyrou ASO"]
[WhiteTeamCountry "GRE"]
[BlackTeamCountry "GRE"]

1. e4 d5 2. exd5 Nf6 3. Bb5+ Nbd7 4. Nc3 a6 5. Ba4 b5 6. Bb3 Nc5 7. Nge2 Bb7 8. Nf4 g5 9. Nh5 Qd6 10. Nxf6+ Qxf6 11. d4 Nxb3 12. axb3 Bg7 13. 0-0 Qxd4 14. Bxg5 b4 15. Qe2 Qe5 16. Qg4 Bc8 17. Qh4 0-0 18. Rfe1 Qf5 19. Ne4 f6 20. Bd2 Rb8 21. Ra5 e6 22. Rc5 exd5 23. Ng3 Qg4 24. Qxg4 Bxg4 25. h3 Bc8 26. Rxc7 Rb7 27. Rxb7 Bxb7 28. Bxb4 Rc8 29. Nf5 Bf8 30. Bxf8 Kxf8 31. Re7 1-0

[Event "Thessaloniki/Chalkidiki-chT"]
[Site "Thessaloniki/Chalkidiki"]
[Date "2019.02.24"]
[Round "6.4"]
[White "Tsarouhas, Vasilios"]
[Black "Papadopoulos, Panayotis"]
[Result "0-1"]
[WhiteElo "2171"]
[BlackElo "2166"]
[PlyCount "80"]
[EventDate "2019.01.13"]
[EventType "team-tourn"]
[EventRounds "9"]
[EventCountry "GRE"]
[SourceTitle "EXT 2020"]
[Source "ChessBase"]
[SourceDate "2019.10.17"]
[SourceVersion "1"]
[SourceVersionDate "2019.10.17"]
[SourceQuality "1"]
[WhiteTeam "Keravnos MAPO"]
[BlackTeam "Galaxias"]
[WhiteTeamCountry "GRE"]
[BlackTeamCountry "GRE"]

1. d4 Nf6 2. c4 d6 3. Nc3 Nbd7 4. e4 e5 5. Nf3 c6 6. Be2 Be7 7. 0-0 Qc7 8. Qc2 0-0 9. h3 Re8 10. Rd1 b6 11. Rb1 Bb7 12. b4 a6 13. a3 Rad8 14. Be3 exd4 15. Nxd4 c5 16. Nf5 Bf8 17. Nd5 Nxd5 18. exd5 Ne5 19. bxc5 bxc5 20. Rb3 Bc8 21. Bg5 Bxf5 22. Qxf5 Rb8 23. Rg3 g6 24. Qc2 Bg7 25. f4 Rb2 26. Qa4 Qd7 27. Qxd7 Nxd7 28. Bf1 h6 29. Bh4 Bd4+ 30. Kh2 Bf2 31. Rg4 h5 32. Bxf2 hxg4 33. Bg1 gxh3 34. Kxh3 Kg7 35. Bd3 Nf6 36. g4 Ne4 37. Bxe4 Rxe4 38. Kg3 Rb3+ 39. Kh4 f6 40. Bh2 Re8 0-1

[Event "Thessaloniki Triandria op 11th"]
[Site "Thessaloniki"]
[Date "2018.04.14"]
[Round "8"]
[White "Pratyusha, Bodda"]
[Black "Tsarouhas, Vasilios"]
[Result "1-0"]
[WhiteElo "2177"]
[BlackElo "2148"]
[PlyCount "39"]
[EventDate "2018.04.09"]
[EventType "swiss"]
[EventRounds "9"]
[EventCountry "GRE"]
[SourceTitle "CBM 183 Extra"]
[Source "ChessBase"]
[SourceDate "2018.04.19"]
[SourceVersion "1"]
[SourceVersionDate "2018.04.19"]
[SourceQuality "1"]

1. d4 d6 2. e4 Nf6 3. Nc3 c6 4. Nf3 Bg4 5. h3 Bh5 6. Be2 Nbd7 7. Bf4 Qa5 8. Qd2 e5 9. Bh2 Be7 10. a3 0-0 11. 0-0 Rfe8 12. dxe5 dxe5 13. g4 Bg6 14. g5 Rad8 15. gxf6 Nxf6 16. Qe1 Nxe4 17. Nxe4 Qxe1 18. Rfxe1 Bxe4 19. Nxe5 Bf6 20. Bd3 1-0

[Event "Thessaloniki Triandria op 11th"]
[Site "Thessaloniki"]
[Date "2018.04.10"]
[Round "2"]
[White "Petrov, Martin"]
[Black "Tsarouhas, Vasilios"]
[Result "1/2-1/2"]
[WhiteElo "2439"]
[BlackElo "2148"]
[PlyCount "76"]
[EventDate "2018.04.09"]
[EventType "swiss"]
[EventRounds "9"]
[EventCountry "GRE"]
[SourceTitle "CBM 183 Extra"]
[Source "ChessBase"]
[SourceDate "2018.04.19"]
[SourceVersion "1"]
[SourceVersionDate "2018.04.19"]
[SourceQuality "1"]

1. e4 Nf6 2. e5 Nd5 3. d4 d6 4. c4 Nb6 5. exd6 exd6 6. Nc3 Be7 7. Bd3 0-0 8. Nge2 Nc6 9. 0-0 Bf6 10. Be3 Nb4 11. Ng3 c6 12. Be2 d5 13. c5 Nd7 14. Bf4 g6 15. Qd2 Re8 16. Bd6 a5 17. Rfe1 b6 18. a3 Na6 19. b4 bxc5 20. bxc5 Nc7 21. Bg4 Rxe1+ 22. Rxe1 Ne8 23. Bf4 Nf8 24. Bxc8 Rxc8 25. Na4 Ra8 26. Ne2 Ng7 27. Rb1 Nf5 28. Rb7 Qc8 29. Rb3 Qe6 30. Nb6 Re8 31. Be3 Bg5 32. Bxg5 Qxe2 33. Qxe2 Rxe2 34. Kf1 Ra2 35. Be3 Ne6 36. Rd3 Nxe3+ 37. fxe3 Ng5 38. Nc8 Ne4 1/2-1/2

[Event "Alexander the Great op 5th"]
[Site "Porto Carras"]
[Date "2013.05.10"]
[Round "5"]
[White "Tsarouhas, Vasilios"]
[Black "Stojanovic, Andjelija"]
[Result "1/2-1/2"]
[WhiteElo "2173"]
[BlackElo "2282"]
[PlyCount "68"]
[EventDate "2013.05.07"]
[EventType "swiss"]
[EventRounds "7"]
[EventCountry "GRE"]
[SourceTitle "CBM 154 Extra"]
[Source "ChessBase"]
[SourceDate "2013.06.25"]
[SourceVersion "2"]
[SourceVersionDate "2013.06.25"]
[SourceQuality "1"]

1. e4 d6 2. d4 Nf6 3. Nc3 e5 4. dxe5 dxe5 5. Qxd8+ Kxd8 6. Nf3 Bd6 7. Bg5 Be6 8. 0-0-0 Nbd7 9. Bb5 Kc8 10. Nd2 a6 11. Bc4 b5 12. Bxe6 fxe6 13. f3 Bc5 14. Nb3 Bb6 15. a4 b4 16. Na2 a5 17. Rhe1 Nc5 18. Nxc5 Bxc5 19. Kb1 Nd7 20. Be3 Bxe3 21. Rxe3 Nc5 22. b3 Rd8 23. Rxd8+ Kxd8 24. Nc1 Ke7 25. Nd3 Nxd3 26. Rxd3 g5 27. Kc1 c5 28. c4 Rg8 29. h3 h5 30. Kd2 h4 31. Ke2 Rf8 32. Rd1 Rh8 33. Rd3 Rf8 34. Rd1 Rh8 1/2-1/2

[Event "GRE-chT 40th"]
[Site "Achaia"]
[Date "2012.07.04"]
[Round "6.8"]
[White "Koliopoulos, Konstantinos"]
[Black "Tsarouhas, Vasilios"]
[Result "1-0"]
[WhiteElo "2237"]
[BlackElo "2164"]
[PlyCount "101"]
[EventDate "2012.06.30"]
[EventType "team-swiss"]
[EventRounds "7"]
[EventCountry "GRE"]
[SourceTitle "CBM 149 Extra"]
[Source "ChessBase"]
[SourceDate "2012.08.24"]
[SourceVersion "1"]
[SourceVersionDate "2012.08.24"]
[SourceQuality "1"]
[WhiteTeam "Glyfadas Zenon"]
[BlackTeam "Orekastrou"]
[WhiteTeamCountry "GRE"]
[BlackTeamCountry "GRE"]

1. Nf3 Nf6 2. c4 g6 3. Nc3 Bg7 4. g3 0-0 5. Bg2 d6 6. 0-0 e5 7. d3 Nc6 8. Rb1 h6 9. b4 Be6 10. b5 Ne7 11. Nd2 Qc8 12. Re1 Bh3 13. Bh1 Ng4 14. Nd5 Nxd5 15. Bxd5 Kh7 16. e3 f5 17. Bh1 Rb8 18. Bb2 Qd7 19. f3 Nf6 20. f4 Ng4 21. Nf3 Rbe8 22. Qd2 c5 23. bxc6 bxc6 24. fxe5 dxe5 25. Ba3 Rf7 26. Rb3 e4 27. dxe4 fxe4 28. Qxd7 Rxd7 29. Nh4 Rd2 30. Rb7 Nxh2 31. Be7 Bd7 32. Bb4 Rd3 33. Kxh2 g5 34. Ng2 Be5 35. Re2 Kg6 36. Ne1 Bf5 37. Nxd3 exd3 38. Rd2 h5 39. e4 Be6 40. Rxd3 Bxc4 41. Rdd7 h4 42. Be1 hxg3+ 43. Kg1 Rf8 44. Bg2 c5 45. Rxa7 Rb8 46. Rab7 Ra8 47. Rb6+ Kh5 48. Bf3+ g4 49. Rh7+ Kg5 50. Bd2+ Bf4 51. Rg7+ 1-0

[Event "Neos Marmaras op 4th"]
[Site "Neos Marmaras"]
[Date "2012.04.20"]
[Round "6"]
[White "Tsarouhas, Vasilios"]
[Black "Drljevic, Ljilja"]
[Result "1-0"]
[WhiteElo "2139"]
[BlackElo "2278"]
[PlyCount "119"]
[EventDate "2012.04.16"]
[EventType "swiss"]
[EventRounds "9"]
[EventCountry "GRE"]
[SourceTitle "CBM 148 Extra"]
[Source "ChessBase"]
[SourceDate "2012.06.22"]
[SourceVersion "1"]
[SourceVersionDate "2012.06.22"]
[SourceQuality "1"]

1. e4 d6 2. d4 g6 3. Nc3 Bg7 4. f4 e5 5. dxe5 dxe5 6. Qxd8+ Kxd8 7. fxe5 Bxe5 8. Nf3 Bg7 9. Bf4 c6 10. 0-0-0+ Ke8 11. Bc4 Nd7 12. e5 b5 13. Bb3 Nc5 14. Rd6 Ne7 15. Ng5 Nxb3+ 16. axb3 h6 17. Nge4 Be6 18. Nf6+ Bxf6 19. exf6 Nd5 20. Be5 Rc8 21. Ne4 Nb6 22. Nc5 Bd5 23. Re1 Kf8 24. Nd7+ Kg8 25. Bd4 Kh7 26. Re7 Nxd7 27. Rdxd7 Rhf8 28. Bxa7 g5 29. g3 Kg6 30. Bd4 Rfd8 31. Kd2 Be6 32. Rxd8 Rxd8 33. Ke3 c5 34. Bxc5 Kxf6 35. Rb7 Kf5 36. Rxb5 Kg4 37. Bd4 f5 38. Be5 Kh3 39. Rb6 Re8 40. c4 Kxh2 41. c5 h5 42. c6 f4+ 43. gxf4 Bh3 44. Rb8 Bc8 45. Rxc8 gxf4+ 46. Kxf4 Rxc8 47. c7 Kg2 48. Kf5 Kf3 49. b4 Rf8+ 50. Ke6 Ke4 51. Bd6 Rh8 52. b5 h4 53. b6 Rh6+ 54. Kd7 Kd5 55. Be7 Rh8 56. c8Q Rxc8 57. Kxc8 h3 58. b7 h2 59. b8Q h1Q 60. Qb7+ 1-0

[Event "Neos Marmaras op 4th"]
[Site "Neos Marmaras"]
[Date "2012.04.18"]
[Round "4"]
[White "Tsarouhas, Vasilios"]
[Black "Ryabov, Igor"]
[Result "1-0"]
[WhiteElo "2139"]
[BlackElo "2009"]
[PlyCount "107"]
[EventDate "2012.04.16"]
[EventType "swiss"]
[EventRounds "9"]
[EventCountry "GRE"]
[SourceTitle "CBM 148 Extra"]
[Source "ChessBase"]
[SourceDate "2012.06.22"]
[SourceVersion "1"]
[SourceVersionDate "2012.06.22"]
[SourceQuality "1"]

1. e4 e5 2. Nf3 Nc6 3. Bb5 Nf6 4. d3 Bc5 5. 0-0 Nd4 6. Nxd4 Bxd4 7. c3 Bb6 8. Nd2 c6 9. Ba4 d6 10. h3 Qe7 11. Nc4 Bc7 12. Ne3 g6 13. Qf3 Bd7 14. Ng4 Nxg4 15. hxg4 h5 16. g5 0-0-0 17. Qf6 Qxf6 18. gxf6 Rde8 19. f4 Bg4 20. Bb3 Be6 21. Be3 Bb6 22. Bxb6 axb6 23. fxe5 dxe5 24. Kf2 Kd7 25. Bc2 Bg4 26. Ke3 g5 27. d4 b5 28. a4 bxa4 29. Rxa4 Ra8 30. dxe5 Rxa4 31. Bxa4 Ke6 32. Bd1 Bxd1 33. Rxd1 Kxe5 34. Rd7 Kxf6 35. Rxb7 Rc8 36. b4 Ke6 37. c4 f6 38. Kd4 h4 39. Rh7 Rd8+ 40. Kc5 Rd7 41. Rh8 Rb7 42. Rc8 Kd7 43. Ra8 Ke6 44. Ra2 Ke7 45. Rb2 Kd7 46. Rd2+ Ke7 47. Rd1 Rb8 48. Rb1 Kd7 49. Ra1 Rb7 50. Ra6 Kc8 51. Rxc6+ Rc7 52. Rxc7+ Kxc7 53. Kd4 g4 54. Ke3 1-0

[Event "Neos Marmaras op 4th"]
[Site "Neos Marmaras"]
[Date "2012.04.16"]
[Round "1"]
[White "Antic, Dejan"]
[Black "Tsarouhas, Vasilios"]
[Result "1/2-1/2"]
[WhiteElo "2513"]
[BlackElo "2139"]
[PlyCount "106"]
[EventDate "2012.04.16"]
[EventType "swiss"]
[EventRounds "9"]
[EventCountry "GRE"]
[SourceTitle "CBM 148 Extra"]
[Source "ChessBase"]
[SourceDate "2012.06.22"]
[SourceVersion "1"]
[SourceVersionDate "2012.06.22"]
[SourceQuality "1"]

1. d4 Nf6 2. c4 g6 3. Nc3 d5 4. cxd5 Nxd5 5. g3 Bg7 6. Bg2 Nb6 7. Nf3 0-0 8. 0-0 Nc6 9. e3 Re8 10. b3 e5 11. Nxe5 Nxe5 12. dxe5 Qxd1 13. Rxd1 Bxe5 14. Bb2 c6 15. Rd2 Bf5 16. Rad1 Bf6 17. Bf3 h5 18. Kg2 Kf8 19. h3 Red8 20. Ba3+ Ke8 21. Ne4 Bxe4 22. Bxe4 Rxd2 23. Rxd2 a5 24. Bc5 Nd7 25. Bd6 Be7 26. Bc2 Bxd6 27. Rxd6 Ke7 28. Rd4 b5 29. f4 Nb6 30. Kf3 c5 31. Rd1 a4 32. bxa4 b4 33. f5 g5 34. Bb3 c4 35. Rd4 cxb3 36. axb3 Nxa4 37. bxa4 Rxa4 38. h4 Kf6 39. Ke4 gxh4 40. gxh4 Ra1 41. Rxb4 Rh1 42. Rb6+ Kg7 43. Ke5 Rxh4 44. e4 f6+ 45. Kd5 Rf4 46. Rb7+ Kg8 47. Ke6 Rxe4+ 48. Kxf6 Ra4 49. Rb8+ Kh7 50. Rb7+ Kg8 51. Rg7+ Kf8 52. Rd7 Ra6+ 53. Kg5 Rb6 1/2-1/2

[Event "GRE-chT 37th"]
[Site "Kallithea"]
[Date "2009.07.06"]
[Round "6"]
[White "Haritakis, Theodoros"]
[Black "Tsarouhas, Vasilios"]
[Result "1-0"]
[WhiteElo "2291"]
[BlackElo "2221"]
[PlyCount "83"]
[EventDate "2009.07.03"]
[EventType "team-tourn"]
[EventRounds "9"]
[EventCountry "GRE"]
[SourceTitle "CBM 131 Extra"]
[Source "ChessBase"]
[SourceDate "2009.09.03"]
[SourceVersion "2"]
[SourceVersionDate "2009.09.16"]
[SourceQuality "1"]

1. d4 Nf6 2. c4 g6 3. Nc3 Bg7 4. e4 d6 5. Nge2 c6 6. f3 a6 7. Be3 b5 8. cxb5 axb5 9. a3 0-0 10. Ng3 Nbd7 11. Be2 Nb6 12. 0-0 Be6 13. Qc2 Bc4 14. b3 Bxe2 15. Ngxe2 Ra6 16. Na2 Rxa3 17. Nb4 Qa8 18. Rxa3 Qxa3 19. Nxc6 Re8 20. d5 Nfd7 21. Ned4 Qa6 22. Qe2 e6 23. dxe6 fxe6 24. Qxb5 Qb7 25. Na5 Qa8 26. Ndc6 Nc8 27. Rc1 Ne7 28. Nxe7+ Rxe7 29. Rc7 Qd8 30. Rb7 Nf8 31. Rb8 Qc7 32. Nc6 Rf7 33. b4 h5 34. Qb6 d5 35. Qxc7 Rxc7 36. exd5 exd5 37. b5 Kf7 38. Bf4 Rd7 39. b6 Ne6 40. Be5 Nc5 41. Rc8 Bh6 42. Bd4 1-0

[Event "GRE-chT 37th"]
[Site "Kallithea"]
[Date "2009.07.05"]
[Round "5"]
[White "Tsarouhas, Vasilios"]
[Black "Mastrovasilis, Athanasios"]
[Result "1/2-1/2"]
[WhiteElo "2221"]
[BlackElo "2503"]
[PlyCount "137"]
[EventDate "2009.07.03"]
[EventType "team-tourn"]
[EventRounds "9"]
[EventCountry "GRE"]
[SourceTitle "CBM 131 Extra"]
[Source "ChessBase"]
[SourceDate "2009.09.03"]
[SourceVersion "2"]
[SourceVersionDate "2009.09.16"]
[SourceQuality "1"]

1. e4 e5 2. Nf3 Nc6 3. Bb5 Bc5 4. 0-0 Nd4 5. Nxd4 Bxd4 6. c3 Bb6 7. d4 c6 8. Ba4 d6 9. Re1 Qh4 10. Nd2 Bg4 11. Qc2 exd4 12. cxd4 Bxd4 13. Nc4 Rd8 14. e5 dxe5 15. Nxe5 Be6 16. Bb3 Ne7 17. Bxe6 fxe6 18. Nf3 Qg4 19. Re4 Qf5 20. Bg5 Bf6 21. Bxf6 Qxf6 22. Rae1 0-0 23. Rxe6 Qf5 24. Qb3 Nd5 25. R6e5 Qg6 26. Re6 Qf5 27. R6e5 Qf7 28. h4 Rd6 29. R1e2 h6 30. Rd2 Rf6 31. Rd4 Qg6 32. h5 Qf7 33. a4 a5 34. Rg4 Rf5 35. Rge4 Rxe5 36. Rxe5 Qd7 37. Qc4 Rf5 38. Qe4 Rxe5 39. Qxe5 Qe7 40. Qb8+ Kh7 41. Ne5 Nf4 42. g4 Qb4 43. Kh2 Qe4 44. Kg3 Ne2+ 45. Kh2 Qb1 46. Kg2 Qe4+ 47. Kh2 Qf4+ 48. Kg2 Nd4 49. Qe8 Qe4+ 50. f3 Qc2+ 51. Kh3 Qb1 52. Qg6+ Qxg6 53. hxg6+ Kg8 54. Nc4 b5 55. axb5 cxb5 56. Nxa5 Nxf3 57. Nc6 Nd2 58. b4 Ne4 59. Nd4 Kf8 60. Nxb5 Nf2+ 61. Kg3 Nd3 62. Nd4 Nxb4 63. Ne6+ Ke7 64. Nxg7 Kf6 65. Nf5 Kxg6 66. Kh4 Nd5 67. Nxh6 Kxh6 68. g5+ Kg6 69. Kg3 1/2-1/2

[Event "GRE-chT 37th"]
[Site "Kallithea"]
[Date "2009.07.05"]
[Round "2"]
[White "Zahariev, Zahari"]
[Black "Tsarouhas, Vasilios"]
[Result "1/2-1/2"]
[WhiteElo "2399"]
[BlackElo "2221"]
[PlyCount "91"]
[EventDate "2009.07.03"]
[EventType "team-tourn"]
[EventRounds "9"]
[EventCountry "GRE"]
[SourceTitle "CBM 131 Extra"]
[Source "ChessBase"]
[SourceDate "2009.09.03"]
[SourceVersion "2"]
[SourceVersionDate "2009.09.16"]
[SourceQuality "1"]

1. e4 c5 2. Nf3 e6 3. d4 cxd4 4. Nxd4 Nc6 5. Nc3 Qc7 6. Be3 a6 7. Qd2 Nf6 8. f3 Be7 9. 0-0-0 0-0 10. g4 d6 11. Kb1 Nxd4 12. Bxd4 b5 13. g5 Nd7 14. Bd3 b4 15. Ne2 e5 16. Be3 Rb8 17. f4 exf4 18. Nxf4 Bb7 19. Nd5 Bxd5 20. exd5 Ne5 21. Bd4 Nxd3 22. Qxd3 Rb5 23. h4 Qb7 24. c4 bxc3 25. Bxc3 Rc8 26. Qd4 Bf8 27. Rh3 Rcc5 28. Rhd3 Qc8 29. a4 Rb7 30. h5 Rc4 31. Qe3 Qf5 32. Kc2 Re4 33. Rf1 Qxd5 34. Rxd5 Rxe3 35. Ra5 Rb6 36. Raf5 Re7 37. g6 f6 38. Kd3 Reb7 39. b4 Rb8 40. Rb1 d5 41. Rxd5 hxg6 42. hxg6 f5 43. Rxf5 Rxg6 44. Rd5 Rg3+ 45. Kc2 Rg4 46. b5 1/2-1/2

[Event "GRE Cup final"]
[Site "Chalkidiki"]
[Date "2009.07.01"]
[Round "2"]
[White "Halkias, Stelios"]
[Black "Tsarouhas, Vasilios"]
[Result "1-0"]
[WhiteElo "2566"]
[BlackElo "2221"]
[PlyCount "51"]
[EventDate "2009.06.30"]
[EventType "team"]
[EventRounds "2"]
[EventCountry "GRE"]
[SourceTitle "CBM 131 Extra"]
[Source "ChessBase"]
[SourceDate "2009.09.03"]
[SourceVersion "2"]
[SourceVersionDate "2009.09.16"]
[SourceQuality "1"]

1. Nf3 c5 2. c4 Nf6 3. Nc3 g6 4. e3 Bg7 5. d4 d5 6. Be2 0-0 7. 0-0 cxd4 8. exd4 Nc6 9. Be3 dxc4 10. Bxc4 Bg4 11. d5 Ne5 12. Be2 Nxf3+ 13. Bxf3 Bxf3 14. Qxf3 Ne8 15. Rfe1 Nd6 16. Rad1 Nf5 17. Bg5 h6 18. d6 Qb6 19. Bxe7 Bxc3 20. Qxc3 Rfc8 21. Qd2 Rc4 22. Bf6 Rc6 23. d7 Rxf6 24. Re8+ Kg7 25. Rxa8 Rd6 26. d8Q 1-0

[Event "Lefkos Pyrgos int 7th"]
[Site "Thessaloniki"]
[Date "2003.12.28"]
[Round "9"]
[White "Tsarouhas, Vasilios"]
[Black "Hondrogiannis, Sokratis"]
[Result "1-0"]
[WhiteElo "2182"]
[BlackElo "2236"]
[PlyCount "69"]
[EventDate "2003.12.20"]
[EventType "swiss"]
[EventRounds "9"]
[EventCountry "GRE"]
[SourceTitle "CBM 097 Extra"]
[Source "ChessBase"]
[SourceDate "2004.01.13"]
[SourceVersion "1"]
[SourceVersionDate "2004.01.13"]
[SourceQuality "1"]

1. e4 e5 2. f4 d5 3. exd5 exf4 4. Nf3 c6 5. d4 Bd6 6. c4 cxd5 7. c5 Bc7 8. Nc3 Nc6 9. Bb5 Nge7 10. Ne2 Ng6 11. a3 0-0 12. 0-0 Bg4 13. Kh1 Nh4 14. Bxf4 Bxf4 15. Nxf4 Bxf3 16. gxf3 Qg5 17. Bxc6 bxc6 18. Qc1 Rae8 19. Rg1 Qf5 20. Rg3 Re7 21. Qd2 Rfe8 22. Rag1 Ng6 23. Nxg6 fxg6 24. Qg5 Qd3 25. Qg4 Rf8 26. h4 Re3 27. h5 Rexf3 28. hxg6 h6 29. Rxf3 Qxf3+ 30. Qxf3 Rxf3 31. Re1 Kf8 32. Re6 Rf6 33. Rxf6+ gxf6 34. b4 a6 35. a4 1-0

[Event "GRE-chT"]
[Site "Poros"]
[Date "1998.04.25"]
[Round "8"]
[White "Vouldis, Angelos"]
[Black "Tsarouhas, Vasilios"]
[Result "1-0"]
[WhiteElo "2445"]
[BlackElo "2195"]
[PlyCount "65"]
[EventDate "1998.??.??"]
[EventType "team"]
[EventRounds "9"]
[EventCountry "GRE"]
[SourceTitle "EXT 1999"]
[Source "ChessBase"]
[SourceDate "1998.11.16"]
[SourceVersion "1"]
[SourceVersionDate "1998.11.16"]
[SourceQuality "1"]

1. e4 c5 2. Nf3 e6 3. d4 cxd4 4. Nxd4 Nf6 5. Nc3 d6 6. g4 a6 7. g5 Nfd7 8. Be3 b5 9. a3 Bb7 10. h4 Nc6 11. Nxc6 Bxc6 12. Qd4 Qb8 13. Bg2 a5 14. Ne2 Ne5 15. f4 Ng4 16. Bg1 e5 17. Qd2 b4 18. a4 Qb7 19. Ng3 h5 20. f5 g6 21. Qe2 Be7 22. Bf3 Bd8 23. b3 Bb6 24. 0-0-0 Bxg1 25. Rhxg1 Qb6 26. Bxg4 hxg4 27. fxg6 fxg6 28. h5 Rxh5 29. Nxh5 gxh5 30. Rh1 0-0-0 31. Rxh5 Kb8 32. g6 Qc5 33. g7 1-0

[Event "GRE-chT"]
[Site "Poros"]
[Date "1998.04.20"]
[Round "1"]
[White "Kalesis, Nikolaos"]
[Black "Tsarouhas, Vasilios"]
[Result "1-0"]
[WhiteElo "2420"]
[BlackElo "2195"]
[PlyCount "63"]
[EventDate "1998.??.??"]
[EventType "team"]
[EventRounds "9"]
[EventCountry "GRE"]
[SourceTitle "EXT 1999"]
[Source "ChessBase"]
[SourceDate "1998.11.16"]
[SourceVersion "1"]
[SourceVersionDate "1998.11.16"]
[SourceQuality "1"]

1. d4 Nf6 2. c4 g6 3. Nc3 Bg7 4. e4 d6 5. f3 0-0 6. Be3 e5 7. d5 Nh5 8. Qd2 f5 9. Bd3 a6 10. Nge2 c5 11. 0-0-0 b5 12. cxb5 axb5 13. Bxb5 fxe4 14. fxe4 Ba6 15. Kb1 Qa5 16. Bc6 Ra7 17. Nc1 Bc4 18. b3 Nxc6 19. dxc6 Rb8 20. Qxd6 Rxb3+ 21. Nxb3 Qxc3 22. Bxc5 Ra8 23. Qd2 Qxd2 24. Rxd2 Rc8 25. Na5 Bb5 26. Rhd1 Bf6 27. Rd6 Bg5 28. Bb6 Nf4 29. c7 Kf7 30. Rd8 Ba6 31. Rxc8 Bxc8 32. Rd8 1-0

[Event "GRE-chT"]
[Site "Athens"]
[Date "1997.??.??"]
[Round "4"]
[White "Banik, Thorsten"]
[Black "Tsarouhas, Vasilios"]
[Result "1/2-1/2"]
[WhiteElo "2470"]
[BlackElo "2210"]
[PlyCount "77"]
[EventDate "1997.??.??"]
[EventType "team-swiss"]
[EventRounds "9"]
[EventCountry "GRE"]
[SourceTitle "EXT 2002"]
[Source "ChessBase"]
[SourceDate "2001.11.25"]
[SourceVersion "1"]
[SourceVersionDate "2001.11.25"]
[SourceQuality "1"]

1. e4 c5 2. Nf3 e6 3. c3 Nf6 4. e5 Nd5 5. Bc4 Nb6 6. Bb3 c4 7. Bc2 Nc6 8. 0-0 d5 9. exd6 Bxd6 10. b3 Bd7 11. Na3 Rc8 12. Nxc4 Nxc4 13. bxc4 Na5 14. d3 0-0 15. Re1 Qc7 16. d4 Nxc4 17. Ng5 h6 18. Nh7 Bxh2+ 19. Kh1 Bf4 20. Nxf8 Kxf8 21. Bb3 Bxc1 22. Rxc1 Qf4 23. Bxc4 Rxc4 24. Qe2 b5 25. Qe3 Qxe3 26. Rxe3 Bc6 27. Rb1 Ra4 28. Re2 a6 29. Rb4 Ra3 30. c4 bxc4 31. Rxc4 Bd5 32. Rcc2 Ke7 33. Kg1 g5 34. Re3 Rxa2 35. Rxa2 Bxa2 36. Rh3 Bc4 37. f3 a5 38. Rxh6 a4 39. Rh8 1/2-1/2

[Event "GRE-chT"]
[Site "Athens"]
[Date "1996.??.??"]
[Round "2"]
[White "Frendzas, Panayotis"]
[Black "Tsarouhas, Vasilios"]
[Result "1-0"]
[WhiteElo "2405"]
[BlackElo "2210"]
[PlyCount "109"]
[EventDate "1996.??.??"]
[EventType "team"]
[EventRounds "9"]
[EventCountry "GRE"]
[SourceTitle "CBM 055 Extra"]
[Source "ChessBase"]
[SourceDate "1997.01.01"]
[SourceVersion "1"]
[SourceVersionDate "1997.01.01"]
[SourceQuality "1"]

1. Nf3 Nf6 2. c4 g6 3. Nc3 Bg7 4. e4 d6 5. d4 0-0 6. Be2 e5 7. 0-0 Nc6 8. d5 Ne7 9. b4 Nh5 10. Re1 f5 11. Ng5 Nf6 12. f3 c6 13. b5 h6 14. Ne6 Bxe6 15. dxe6 d5 16. cxd5 cxd5 17. Nxd5 Nfxd5 18. exd5 e4 19. Ba3 Nxd5 20. Bxf8 Kxf8 21. fxe4 Nc3 22. Qxd8+ Rxd8 23. exf5 Ke7 24. Bf3 gxf5 25. Rac1 Rd2 26. Kh1 b6 27. a4 Bd4 28. h3 Ra2 29. Ra1 Rxa1 30. Rxa1 Kxe6 31. Re1+ Kd6 32. Re8 Nxa4 33. Rd8+ Kc5 34. Rd5+ Kc4 35. Rxf5 Nc3 36. Bc6 Bc5 37. Rf4+ Kd3 38. g4 Be3 39. Rf7 Kc4 40. Rxa7 Nxb5 41. Bxb5+ Kxb5 42. Kg2 Kc4 43. Kf3 Bg5 44. Rc7+ Kd5 45. Ke2 b5 46. Kd3 Ke5 47. Rf7 Bf6 48. Rb7 Kf4 49. Rxb5 Bg5 50. Rb3 Kg3 51. Ke4+ Kh4 52. Rf3 Bd2 53. Kd3 Be1 54. Ke2 Bg3 55. Rf5 1-0

[Event "GRE-chT"]
[Site "Athens"]
[Date "1996.??.??"]
[Round "3"]
[White "Mastrokoukos, Georgios"]
[Black "Tsarouhas, Vasilios"]
[Result "0-1"]
[WhiteElo "2375"]
[BlackElo "2210"]
[PlyCount "112"]
[EventDate "1996.??.??"]
[EventType "team"]
[EventRounds "9"]
[EventCountry "GRE"]
[SourceTitle "CBM 055 Extra"]
[Source "ChessBase"]
[SourceDate "1997.01.01"]
[SourceVersion "1"]
[SourceVersionDate "1997.01.01"]
[SourceQuality "1"]

1. e4 c5 2. Nf3 e6 3. c3 Nf6 4. e5 Nd5 5. d4 cxd4 6. cxd4 d6 7. a3 Bd7 8. Bd3 Bc6 9. 0-0 Nd7 10. Re1 Qc7 11. Nbd2 dxe5 12. dxe5 Nc5 13. Bc2 0-0-0 14. Nd4 Nf4 15. Nxc6 Qxc6 16. Qf3 Ncd3 17. Re4 g5 18. Rc4 Bc5 19. Qxc6+ bxc6 20. Bxd3 Nxd3 21. Kf1 Bxf2 22. Nf3 h6 23. Rxc6+ Kb7 24. Rc4 Rd5 25. Bd2 Rc8 26. Rxc8 Kxc8 27. h3 Bg3 28. Bc3 Nxe5 29. Bxe5 Bxe5 30. Nxe5 Rxe5 31. Rc1+ Kd7 32. Rc4 Rb5 33. b4 a5 34. Ke2 axb4 35. axb4 Kd6 36. Kd3 f5 37. Kc3 e5 38. Rc8 e4 39. Rh8 Ke5 40. Rxh6 Kf4 41. Kc4 Re5 42. b5 Kg3 43. b6 Re7 44. Rg6 g4 45. Rg5 Kxg2 46. Kd4 Kxh3 47. Rh5+ Kg2 48. Rxf5 e3 49. b7 Rxb7 50. Kxe3 g3 51. Ra5 Rf7 52. Ra2+ Kh1 53. Ra6 g2 54. Rh6+ Kg1 55. Ra6 Rh7 56. Ra1+ Kh2 0-1

[Event "GRE-chT"]
[Site "Athens"]
[Date "1996.??.??"]
[Round "5"]
[White "Tsarouhas, Vasilios"]
[Black "Gogolis, Alexandros"]
[Result "1-0"]
[WhiteElo "2210"]
[BlackElo "2280"]
[PlyCount "91"]
[EventDate "1996.??.??"]
[EventType "team"]
[EventRounds "9"]
[EventCountry "GRE"]
[SourceTitle "CBM 055 Extra"]
[Source "ChessBase"]
[SourceDate "1997.01.01"]
[SourceVersion "1"]
[SourceVersionDate "1997.01.01"]
[SourceQuality "1"]

1. e4 c5 2. Nf3 a6 3. c4 e6 4. Nc3 Nc6 5. d4 cxd4 6. Nxd4 Bb4 7. Nxc6 bxc6 8. Qd4 f6 9. c5 Qa5 10. Be3 Bxc3+ 11. bxc3 Rb8 12. Bc4 Ne7 13. 0-0 Qc7 14. Rab1 Rb5 15. Bxb5 cxb5 16. a4 Bb7 17. axb5 axb5 18. c4 bxc4 19. Qd6 Qc8 20. Rb6 Kf7 21. Rd1 Bxe4 22. Qxd7 Qxd7 23. Rxd7 Rc8 24. c6 Bxc6 25. Ra7 Bd5 26. Bc1 Ra8 27. Rxa8 Bxa8 28. Ra6 Bd5 29. Ra7 Ke8 30. Ba3 Nf5 31. g4 Nd4 32. Rxg7 Bf3 33. Re7+ Kd8 34. Rxh7 c3 35. h4 Bxg4 36. h5 c2 37. h6 Bf5 38. Rh8+ Kd7 39. h7 Ne2+ 40. Kf1 c1Q+ 41. Bxc1 Nxc1 42. Rd8+ Kxd8 43. h8Q+ Ke7 44. Qg7+ Kd6 45. Qf8+ Kd5 46. Qa8+ 1-0